| 000 | 00854 a2200265 4500 | ||
|---|---|---|---|
| 003 | OSt | ||
| 005 | 20180116192401.0 | ||
| 008 | 111021t xxu||||| |||| 00| 0 eng d | ||
| 010 | _a 2001273220 | ||
| 020 | _a0714840580 | ||
| 020 | _a9780714840581 | ||
| 035 | _a(OCoLC)ocm46851814 | ||
| 040 | _c0 | ||
| 082 | 0 | 0 | _a779.2 |
| 100 | 1 |
_aBallen, Roger, _9163 |
|
| 245 | 1 | 0 |
_aOutland / _cRoger Ballen. |
| 260 |
_aLondon ; _aNew York : _bPhaidon, _c2001. |
||
| 300 |
_a1 v. (unpaged) : _bill., ports ; _c26 cm. |
||
| 500 | _a"Portraits as still lifes-- the photographs of Roger Ballen" by Peter Weiermair--Introd. | ||
| 600 | 1 | 0 |
_aBallen, Roger, _d1950- _9164 |
| 650 | 1 | 0 |
_aPortrait photography _zSouth Africa. _9165 |
| 651 | 1 | 0 |
_aSouth Africa _9166 |
| 942 |
_aSADA _cBK _k779.2 BAL 2001 _2ddc |
||
| 999 |
_c353337 _d353337 |
||